00000000nam 2200000za 4500
0019.846668
003CaOODSP
00520241203113640
007cr |||||||||||
008171106s1997    oncab||fo    f000 0 eng d
040 |aCaOODSP|beng
043 |an-cn-on
0861 |aEn13-5/97-133E-PDF
1001 |aSkafel, M. G.
24512|aA laboratory investigation of depositional characteristics of fine sediment from a harbour using a rotating circular flume |h[electronic resource] / |cM.G. Skafel and B.G. Krishnappan.
260 |aBurlington, Ont. : |bEnvironment Canada, Water Science and Technology Directorate,|c[1997].
300 |a20, [12] p. : |bill., maps
4901 |aNWRI contribution ; |v97-133
500 |aDigitized edition from print [produced by Environment and Climate Change Canada].
504 |aIncludes bibliographical references.
5200 |a"Many hydrophobic contaminants are attached to fine sediments which are transported into Great Lakes harbours along with the tributary waters. Settling of sediment in the harbours depends on physical, chemical and biological factors. An important aspect of modelling water quality and the transport of the contaminants is the formation of flocs and the resultant effects on settling velocity and deposition rates. These processes cannot be estimated theoretically. We used a unique rotating flume to study the effects of turbulence on floc formation and settling velocity for sediment from Port Stanley harbour. This paper adds to our knowledge of the effects on floc formation of shear stress, seasonality, and storage time as they relate to the transport properties of fine sediment from Port Stanley harbour"--Management perspective.
69207|2gccst|aLakes
69207|2gccst|aSediments
69207|2gccst|aHydrography
7001 |aKrishnappan, B. G., |d1943-
7101 |aCanada. |bEnvironment Canada.
7102 |aNational Water Research Institute (Canada)
830#0|aNWRI contribution ;|vno. 97-133|w(CaOODSP)9.844121
85640|qPDF|s1.00 MB|uhttps://publications.gc.ca/collections/collection_2017/eccc/En13-5-97-133-eng.pdf